| 000 | 00987nam a2200217 4500 | ||
|---|---|---|---|
| 999 |
_c57877 _d57877 |
||
| 003 | Ge_BSU | ||
| 005 | 20210323133154.0 | ||
| 008 | 210323s1984 ge ||||| |||| 00| 0 rus d | ||
| 080 | _a37 Г-49 | ||
| 100 |
_aГиоргадзе, Отари _910668 |
||
| 245 |
_aЭстетическое воспитание старшеклассников в условиях свободного времени / _cОтари Гиоргадзе; Научн. руковод. У. П. Оболадзе. |
||
| 264 |
_aТбилиси, _c1984. |
||
| 300 |
_a201 стр. _b30см. |
||
| 522 | _aБиблиогр. стр. 167-188 | ||
| 653 | _aпедагогика | ||
| 653 | _aЭстетическое воспитание старшеклассников в условиях свободного времени | ||
| 653 | _aდისერტაცია | ||
| 653 | _aдиссертация | ||
| 700 |
_aОболадзе У. П. _eНаучн. руководитель _910669 |
||
| 942 |
_2udc _cBK |
||